<?xml version="1.0" encoding="UTF-8"?>
<collection xmlns="http://www.loc.gov/MARC21/slim">
 <record>
  <leader>00630nma a2200157   4500</leader>
  <controlfield tag="001">1/33264</controlfield>
  <controlfield tag="008">070906tuuuu    enk    g   ba       eng  </controlfield>
  <datafield tag="035" ind1=" " ind2=" ">
   <subfield code="l">35678</subfield>
  </datafield>
  <datafield tag="040" ind1=" " ind2=" ">
   <subfield code="a">DLC</subfield>
   <subfield code="b">GR-PeUP</subfield>
  </datafield>
  <datafield tag="082" ind1="0" ind2="0">
   <subfield code="a">DVD-ROM 796.48 OLY</subfield>
  </datafield>
  <datafield tag="245" ind1="0" ind2="4">
   <subfield code="a">The Olympic Games In Antiquity :</subfield>
   <subfield code="h">[computer file] :</subfield>
   <subfield code="b">an award-wiining documentary on the history and glory of the Olympic Games in Ancient Greece.</subfield>
  </datafield>
  <datafield tag="260" ind1="0" ind2=" ">
   <subfield code="a">Αθήνα :</subfield>
   <subfield code="b">Arcadia,</subfield>
   <subfield code="c">[200;].</subfield>
  </datafield>
  <datafield tag="300" ind1=" " ind2=" ">
   <subfield code="a">2 DVD-ROM :</subfield>
   <subfield code="b">sd., col. ;</subfield>
   <subfield code="c">4 3/4 in.</subfield>
  </datafield>
  <datafield tag="650" ind1=" " ind2="4">
   <subfield code="a">DVD-ROMs.</subfield>
  </datafield>
  <datafield tag="650" ind1=" " ind2="4">
   <subfield code="a">Olympic games (Ancient)</subfield>
   <subfield code="x">DVD-ROMs.</subfield>
  </datafield>
  <datafield tag="852" ind1=" " ind2=" ">
   <subfield code="a">INST</subfield>
   <subfield code="b">UNIPILB</subfield>
   <subfield code="c">MMEDIA</subfield>
   <subfield code="e">20070905</subfield>
   <subfield code="h">DVD-ROM 796.48 OLY</subfield>
   <subfield code="p">00153188</subfield>
   <subfield code="q">00153188</subfield>
   <subfield code="t">NOLOAN</subfield>
   <subfield code="y">23</subfield>
   <subfield code="4">1</subfield>
  </datafield>
 </record>
</collection>
